Etica y escuela: ¿es siempre ético cumplir las normas de la escuela?
محفوظ في:
| المؤلف الرئيسي: | |
|---|---|
| التنسيق: | كتاب |
| اللغة: | الإسبانية |
| منشور في: |
Barcelona
Gedisa
2002
|
| الطبعة: | 1a. ed |
| سلاسل: | Biblioteca de Educación, 4
|
| الموضوعات: | |
| الوسوم: |
إضافة وسم
لا توجد وسوم, كن أول من يضع وسما على هذه التسجيلة!
|
MARC
| LEADER | 00000nam a2200000 a 4500 | ||
|---|---|---|---|
| 001 | UCJ0760 | ||
| 003 | CL-VaPUC | ||
| 008 | 060908e20020000SP |||||||||||||||||spa|d | ||
| 020 | |a 847432960X | ||
| 082 | 0 | 4 | |a 370.114 |b HAY |2 21 |
| 100 | 0 | |a Haynes, Felicity |e author |9 501091 | |
| 245 | 1 | 0 | |a Etica y escuela: ¿es siempre ético cumplir las normas de la escuela? |
| 250 | |a 1a. ed | ||
| 300 | |a 285 p | ||
| 942 | |c BK | ||
| 945 | |d 20060908 00:00:00 |a cmena | ||
| 260 | |a Barcelona |b Gedisa |c 2002 | ||
| 650 | 0 | |a Ética |9 255099 | |
| 650 | 0 | |a Educación moral |9 308319 | |
| 650 | 0 | |a Métodos de enseñanza |9 270413 | |
| 650 | 0 | |a Discriminación |9 335101 | |
| 583 | |a last modification |c 20140408 11:34:15 |k Rodrigo Vera | ||
| 490 | 0 | |a Biblioteca de Educación, 4 | |
| 999 | |c 317515 |d 317513 | ||
| 952 | |0 0 |1 0 |4 0 |6 370_114000000000000_HAY_2002 |7 0 |8 A |9 393971 |a BIBEDU |b BIBEDU |d 2019-11-22 |i 4264525 |l 2 |o 370.114 HAY 2002 |p 4264525 |r 2022-05-27 |s 2022-05-27 |w 2019-11-22 |y BK |k EDU | ||
| 952 | |0 0 |1 0 |4 0 |6 370_114000000000000_HAY_2002 |7 0 |8 A |9 393972 |a BIBEDU |b BIBEDU |d 2019-11-22 |i 4264533 |o 370.114 HAY 2002 |p 4264533 |r 2019-11-22 |w 2019-11-22 |y BK |k EDU | ||